Cabaran melaksanakan sistem saraan berasaskan merit di sektor awam / (Record no. 247)
[ view plain ]
| 000 -LEADER | |
|---|---|
| fixed length control field | nam a22 a 4500 |
| 003 - CONTROL NUMBER IDENTIFIER | |
| control field | AKMAL |
| 005 - DATE AND TIME OF LATEST TRANSACTION | |
| control field | 20170427170551.0 |
| 008 - FIXED-LENGTH DATA ELEMENTS--GENERAL INFORMATION | |
| fixed length control field | 170427s2006 my a e | 000 0 may d |
| 020 ## - INTERNATIONAL STANDARD BOOK NUMBER | |
| International Standard Book Number | 967611801X (kkt.) : |
| Terms of availability | RM20.00 |
| 082 04 - DEWEY DECIMAL CLASSIFICATION NUMBER | |
| Classification number | 352.6309595 MUH |
| Edition number | 22 |
| 090 00 - LOCALLY ASSIGNED LC-TYPE CALL NUMBER (OCLC); LOCAL CALL NUMBER (RLIN) | |
| Classification number (OCLC) (R) ; Classification number, CALL (RLIN) (NR) | 352.6309595 |
| Local cutter number (OCLC) ; Book number/undivided call number, CALL (RLIN) | MUH |
| 100 0# - MAIN ENTRY--PERSONAL NAME | |
| Personal name | Muhamad Ali Embi, |
| Dates associated with a name | 1968- |
| 9 (RLIN) | 552 |
| 245 10 - TITLE STATEMENT | |
| Title | Cabaran melaksanakan sistem saraan berasaskan merit di sektor awam / |
| Statement of responsibility, etc. | Muhamad Ali Embi |
| 260 ## - PUBLICATION, DISTRIBUTION, ETC. | |
| Place of publication, distribution, etc. | Kuala Lumpur : |
| Name of publisher, distributor, etc. | Utusan Publications & Distributors, |
| Date of publication, distribution, etc. | 2006 |
| 300 ## - PHYSICAL DESCRIPTION | |
| Extent | xviii, 174 ms. : |
| Other physical details | il. ; |
| Dimensions | 24cm. |
| 504 ## - BIBLIOGRAPHY, ETC. NOTE | |
| Bibliography, etc. note | Bibliografi : ms. 151-172 |
| 650 10 - SUBJECT ADDED ENTRY--TOPICAL TERM | |
| Topical term or geographic name entry element | Civil service reform |
| Geographic subdivision | Malaysia |
| 9 (RLIN) | 540 |
| 651 #0 - SUBJECT ADDED ENTRY--GEOGRAPHIC NAME | |
| Geographic name | Malaysia |
| General subdivision | Officials and employees |
| -- | Salaries, etc. |
| 9 (RLIN) | 553 |
| 942 ## - ADDED ENTRY ELEMENTS (KOHA) | |
| Source of classification or shelving scheme | |
| Koha item type | Book |
| Withdrawn status | Lost status | Source of classification or shelving scheme | Damaged status | Not for loan | Collection code | Home library | Current library | Shelving location | Date acquired | Inventory number | Total Checkouts | Full call number | Barcode | Date last seen | Price effective from | Koha item type |
|---|---|---|---|---|---|---|---|---|---|---|---|---|---|---|---|---|
| NON-FICTION | AKMAL Melaka | AKMAL Melaka | PINJAMAN | 27.04.2017 | 305590 | 352.6309595 MUH | 201700628 | 27.04.2017 | 27.04.2017 | Book | ||||||
| NON-FICTION | AKMAL Melaka | AKMAL Melaka | PINJAMAN | 27.04.2017 | 305589 | 352.6309595 MUH | 201700630 | 27.04.2017 | 27.04.2017 | Book | ||||||
| NON-FICTION | AKMAL Melaka | AKMAL Melaka | PINJAMAN | 27.04.2017 | 305591 | 352.6309595 MUH | 201700631 | 27.04.2017 | 27.04.2017 | Book |
